| Tag |
First Indicator |
Second Indicator |
Subfields |
| LEADER |
00000ngm a2200000 i 4500 |
| 001 |
in00004781421 |
| 008 |
240307s2023 xxu168 vleng d |
| 007 |
vd csaizm |
| 005 |
20240308151806.0 |
| 035 |
|
|
|a (OCoLC)on1425372784
|
| 040 |
|
|
|a TXA
|b eng
|e rda
|c TXA
|
| 024 |
1 |
|
|a 814456028774
|q (set)
|
| 035 |
|
|
|a (OCoLC)1425372784
|
| 043 |
|
|
|a n-us-ca
|
| 050 |
|
4 |
|a PN1995.9.S87
|b V553 2023
|
| 130 |
0 |
|
|a Violated (Compilation)
|
| 245 |
0 |
4 |
|a Violated! /
|c a film by Albert Zugsmith ; produced by Roger Gentry ; written by Albert Zugsmith & William Maron ; based on an original story by William Maron. Pirates of Cannibal Isle / Union Jack Enterprises presents ; screenplay by Donn Greer ; from original story by Peter Scriven ; produced by Robert Nagy ; directed by Don Greer.
|
| 246 |
1 |
|
|i Also known as:
|a Hollywood Ripper
|
| 246 |
3 |
1 |
|a Pirates of Cannibal Isle
|
| 264 |
|
1 |
|a [United States] :
|b Vinegar Syndrome,
|c [2023]
|
| 300 |
|
|
|a 1 videodisc (85 min., 83 min.) :
|b sound, color ;
|c 4 3/4 in.
|
| 336 |
|
|
|a two-dimensional moving image
|b tdi
|2 rdacontent
|
| 337 |
|
|
|a video
|b v
|2 rdamedia
|
| 338 |
|
|
|a videodisc
|b vd
|2 rdacarrier
|
| 344 |
|
|
|a digital
|2 rdatr
|
| 344 |
|
|
|b optical
|2 rdarm
|
| 344 |
|
|
|g mono
|2 rdacpc
|
| 344 |
|
|
|h DTS-HD Master Audio
|
| 347 |
|
|
|a video file
|2 rdaft
|
| 347 |
|
|
|b Blu-ray
|
| 347 |
|
|
|e region A
|e region B
|e region C
|2 rdare
|
| 380 |
|
|
|a Motion pictures
|2 lcgft
|
| 538 |
|
|
|a Blu-ray disc, A, B, C regions; wide screen; DTS-HD Master Audio mono; requires Blu-ray player.
|
| 546 |
|
|
|a English dialogue; with optional English subtitles (SDH).
|
| 500 |
|
|
|a Titles from screens.
|
| 500 |
|
|
|a Originally issued as part of Vinegar Syndrome's special limited edition (10,000) deluxe double winged magnetic box + slipcover set (designed by Tony Stella) under title Lost Picture Show.
|
| 511 |
1 |
|
|a Violated: Susanne Suzan, Rene Bond, Jay Scott.
|
| 508 |
|
|
|a Director of photography, Bob Maxwell.
|
| 511 |
1 |
|
|a Pirates of Cannibal Isle: Fatimah Boudewyn, Zain Rahnat, Geraldine Lee.
|
| 508 |
|
|
|a Pirates of Cannibal Isle: Director of photography, Arch Archambault ; editing, George Hively ; music, Phil Moore III.
|
| 500 |
|
|
|a Violated! originally released as a motion picture in 1975.
|
| 500 |
|
|
|a Pirates of Cannibal Isle originally released as a motion picture in 1975.
|
| 500 |
|
|
|a Wide screen (1.85:1).
|
| 520 |
|
|
|a Violated: "In this lurid 'sexploitation' film, a masked serial rapist prowls the streets of Hollywood by night, stalking young female victims."--IMDb.
|
| 520 |
|
|
|a Pirates of Cannibal Isle: "A boy runs away from home with his duck, Mr. Quack Quack. Together, they meet the rare blue apes and help them in their struggle against the evil Swampies."--IMDb.
|
| 505 |
0 |
|
|a Violated! -- Pirates of Cannibal Isle.
|
| 650 |
|
0 |
|a Rapists
|z California
|z Los Angeles
|v Drama.
|
| 650 |
|
0 |
|a Serial murderers
|z California
|z Los Angeles
|v Drama.
|
| 650 |
|
0 |
|a Teenage boys
|v Drama.
|
| 655 |
|
7 |
|a Feature films.
|2 lcgft
|
| 655 |
|
7 |
|a Action and adventure films.
|2 lcgft
|
| 655 |
|
7 |
|a Thrillers (Motion pictures)
|2 lcgft
|
| 700 |
1 |
|
|a Greer, Donn,
|e film director,
|e screenwriter.
|
| 700 |
1 |
|
|a Scriven, Peter,
|e screenwriter.
|
| 700 |
1 |
|
|a Scriven, Peter.
|t Rare blue apes of Cannibal Isle.
|
| 700 |
1 |
|
|a Nagy, Robert,
|e film producer.
|
| 700 |
1 |
|
|a Zugsmith, Albert,
|e film director,
|e screenwriter.
|
| 700 |
1 |
|
|a Maron, William,
|e screenwriter.
|
| 700 |
1 |
|
|a Boudewyn, Fatimah,
|e actor.
|
| 700 |
1 |
|
|a Rahnat, Zain,
|e actor.
|
| 700 |
1 |
|
|a Lee, Geraldine,
|e actor.
|
| 700 |
1 |
|
|a Suzan, Susanne,
|e actor.
|
| 700 |
1 |
|
|a Bond, Rene,
|d 1950-1996,
|e actor.
|
| 710 |
2 |
|
|a Premier Productions (Firm),
|e film production company.
|
| 710 |
2 |
|
|a Vinegar Syndrome (Firm),
|e publisher.
|
| 730 |
0 |
|
|i Container of (work):
|a Pirates of Cannibal Isle (Motion picture)
|
| 730 |
0 |
|
|i Container of (work):
|a Violated (Motion picture)
|
| 740 |
0 |
2 |
|a Mr. Quack Quack and the rare blue ape.
|
| 740 |
0 |
2 |
|a Rare Blue Apes of Cannibal Isle.
|
| 994 |
|
|
|a Z0
|b TXA
|
| 948 |
|
|
|h HELD BY TXA - 0 OTHER HOLDINGS
|
| 999 |
f |
f |
|s 350db39b-21a2-40b7-869a-02825f07c5c9
|i a90327ed-260f-4a9f-a30e-03956e281f56
|t 0
|
| 952 |
f |
f |
|p bluray
|a Texas A&M University
|b College Station
|c Sterling C. Evans Library
|d Evans: Media and Reserves (Annex 1st floor)
|t 0
|e PN1995.9.S87 V553 2023
|h Library of Congress classification
|i video -- videodisc
|m A14852095471
|
| 998 |
f |
f |
|a PN1995.9.S87 V553 2023
|t 0
|l Evans: Media and Reserves (Annex 1st floor)
|